000 00869cam a2200301 a 4500
001 75266
003 BD-RjUL
005 20211209082651.0
008 870723t19521936enka 000 0 eng d
035 _a(BD-RjUL)75484
035 _a2484588
040 _aAUC
_beng
_cAUC
041 _aeng
043 _ae-uk-en
082 _223
_a712.60942
_bTAM 1952
100 1 _aTaylor, G. C.
_q(George Crosbie)
_9227964
245 1 4 _aThe modern garden /
_cby G.C. Taylor ; illustrated from over 350 photographs.
250 _aFifth edition
260 _aLondon :
_bCountry Life,
_c[1936].1952
300 _a224 Pages :
_bIlutration
_c28 cm
650 0 _aGardens
_zEngland.
_9227965
650 0 _aLandscape gardening
_zEngland.
_9227966
650 0 _aGardening
_9227967
942 _2ddc
_cBK
999 _c75266
_d75266